Empire without end : (Record no. 18839)
[ view plain ]
| 000 -LEADER | |
|---|---|
| fixed length control field | 01804cam a2200301 a 4500 |
| 001 - CONTROL NUMBER | |
| control field | 16037730 |
| 005 - DATE AND TIME OF LATEST TRANSACTION | |
| control field | 20170114095812.0 |
| 008 - FIXED-LENGTH DATA ELEMENTS--GENERAL INFORMATION | |
| fixed length control field | 091230s2010 ctuab b 001 0 eng |
| 010 ## - LIBRARY OF CONGRESS CONTROL NUMBER | |
| LC control number | 2009054225 |
| 020 ## - INTERNATIONAL STANDARD BOOK NUMBER | |
| International Standard Book Number | 9780300154214 (cl : alk. paper) |
| 050 00 - LIBRARY OF CONGRESS CALL NUMBER | |
| Classification number | N5760 .C549 2010 |
| 100 1# - MAIN ENTRY--PERSONAL NAME | |
| Personal name | Christian, Kathleen |
| Fuller form of name | (Kathleen Wren), |
| Dates associated with a name | 1971- |
| 245 10 - TITLE STATEMENT | |
| Title | Empire without end : |
| Remainder of title | antiquities collections in Renaissance Rome, c. 1350-1527 / |
| Statement of responsibility, etc. | Kathleen Wren Christian. |
| 260 ## - PUBLICATION, DISTRIBUTION, ETC. (IMPRINT) | |
| Place of publication, distribution, etc. | New Haven : |
| Name of publisher, distributor, etc. | Yale University Press, |
| Date of publication, distribution, etc. | c2010. |
| 300 ## - PHYSICAL DESCRIPTION | |
| Extent | ix, 440 p. : |
| Other physical details | ill. (some col.), maps ; |
| Dimensions | 27 cm. |
| 504 ## - BIBLIOGRAPHY, ETC. NOTE | |
| Bibliography, etc | Includes bibliographical references (p. 389-423) and index. |
| 505 0# - FORMATTED CONTENTS NOTE | |
| Formatted contents note | Antiquity as example: Rome in the era of Petrarch and Cola di Rienzo -- The poetics of the collection: Cardinal Prospero Colonna's "Gardens of Maecenas" -- Fictive genealogies and ancestral collections in fifteenth-century Rome -- The virtues of the papal collector: Paul II and Sixtus IV -- Pomponio Leto and the academic garden -- The era of collecting, 1480-1527 -- Epilogue: the Sack of Rome -- Catalogue: collections in Roman houses and vigne before 1527. |
| 650 #0 - SUBJECT ADDED ENTRY--TOPICAL TERM | |
| Topical term or geographic name as entry element | Art, Roman |
| General subdivision | Collectors and collecting |
| Geographic subdivision | Italy |
| -- | Rome. |
| 650 #0 - SUBJECT ADDED ENTRY--TOPICAL TERM | |
| Topical term or geographic name as entry element | Classical antiquities |
| General subdivision | Collectors and collecting |
| Geographic subdivision | Italy |
| -- | Rome. |
| 651 #0 - SUBJECT ADDED ENTRY--GEOGRAPHIC NAME | |
| Geographic name | Rome (Italy) |
| General subdivision | Antiquities. |
| 651 #0 - SUBJECT ADDED ENTRY--GEOGRAPHIC NAME | |
| Geographic name | Rome (Italy) |
| General subdivision | Civilization. |
| 942 ## - ADDED ENTRY ELEMENTS (KOHA) | |
| Source of classification or shelving scheme | |
| Koha item type | Hard Covered Materials |
| Classification part | N5760 .C549 2010 |
| Withdrawn status | Lost status | Source of classification or shelving scheme | Damaged status | Not for loan | Home library | Current library | Shelving location | Date acquired | Source of acquisition | Total Checkouts | Full call number | Barcode | Date last seen | Price effective from | Koha item type |
|---|---|---|---|---|---|---|---|---|---|---|---|---|---|---|---|
| MACHAKOS UNIVERSITY LIBRARY | MACHAKOS UNIVERSITY LIBRARY | Technical section | 14/01/2017 | Donation(BFA) | N5760 .C549 2010 | 29477 | 18/07/2018 | 14/01/2017 | Hard Covered Materials |